Drevorozkladajúce huby

Bibliographic Details
Main Author: Reinprecht, Ladislav, 1953- (Author)
Format: Article
Language:Slovak
PhysicalDescription:Obr. 9. Tb. 3., lit. 13 zázn. v slov., češ., angl.
Subjects:

MARC

LEADER 00000nab a2200000 a 4500
001 vtls000396057
003 SK-MaSNL
005 20260302231930.0
008 160204c1990 xo 0 slo
015 |a SNBRA19rr/mm-uuuuu 
035 |a CL0396181 
040 |a SNKBUCL  |b slo  |c SNKBUCL  |e AACR2 
041 0 |a slo 
044 |a xo  |c SK 
080 |a 674.038.18:582.28:674.048.3  |2 1981 
080 |a 582.28  |2 1981 
080 |a 674.048.3  |2 1981 
100 1 |a Reinprecht, Ladislav,  |d 1953-  |4 aut  |9 100308 
245 1 0 |a Drevorozkladajúce huby  |c Ladislav Reinprecht 
300 |b Obr. 9. Tb. 3., lit. 13 zázn. v slov., češ., angl. 
650 0 7 |a huby drevokazné  |2 snkbucl  |9 899374 
650 0 7 |a drevo  |2 snkbucl  |9 3560 
655 7 |a články zo zborníkov  |2 snkbucl  |9 166140 
773 0 |t Biologická a protipožiarna ochrana dreva  |d Žilina : Dom techniky ČSVTS, 1990  |g S. 39-52 
850 |a Slovenská národná knižnica v Martine  |a MTA001 
852 |a SNK  |b KIS3GCP 
958 |a NB 
958 |a RK 
992 |a RZB 
999 |c 1540705  |d 1542635